| 000 | 00628nam a2200205 i 4500 | ||
|---|---|---|---|
| 001 | 119095 | ||
| 003 | ES-MaACL | ||
| 005 | 20230906191235.0 | ||
| 007 | t| | ||
| 008 | 070214s1920 fr r ||||1| fre d | ||
| 100 | 1 |
_aPicavet, C.-G. _991805 |
|
| 245 | 1 | 0 |
_aUne démocratie historique _b: la Suisse / _cC.-G. Picavet. |
| 260 |
_aParis : _bErnest Flammarion, _c1920. |
||
| 300 |
_a296 p. ; _c18 x 11 cm. |
||
| 490 | 1 | _aBibliothèque de Philosophie scientifique | |
| 651 | 4 |
_aSuiza- _xHistoria. _99418 |
|
| 830 | 0 |
_aBibliothèque de Philosophie scientifique _9181135 |
|
| 852 |
_aES-MaACL _jF-6420 |
||
| 999 |
_c119095 _d119095 |
||